000 00299nam a22001337a 4500
008 170928b xxu||||| |||| 00| 0 eng d
020 _a9780312251178
041 _aeng
080 _a37
100 _a47
101 _aEDU
245 _aTHE BEW ST MARTINS HANDBOOK
_cMART.IN
942 _2udc
_cBK
999 _c30485
_d30485